LEADER 01029nam a2200241 i 4500 001 000000161593 003 CaOOAMICUS 005 20070522000000.0 008 070522n it u000 u ita u 013 $a138956 040 $aSeMil$bita 100 1 $aRiondato, Ezio.$0(OLS)http://semarc/name/6385 245 10$a[Per l'unità dell'A.C.I. :$bproblemi e orientamenti di lavoro /$cEzio Riondato. 260 $aS.l. :$bs.n.,$c1966] 300 $a41 p. ;$c22 cm. 500 $aIn cop. : Relazione tenuta al convegno nazionale dei presidenti diocesani., Roma 18 marzo 1966. - Fondo Card. Giovanni Colombo. 650 4$aAzione Cattolica Italiana.$0(OLS)http://semarc/subject/1626 850 $aSeMil 852 $aSeMil$W1$xVenegono$y1$m5B III 11/8$j112980$B112980$CSeMilBibl$Z2$F126092 $81 941 1 $a3 961 $aLascito: Colombo Card. Giovanni 996 $6245$a[Per l'unità dell'A.C.I. :$bproblemi e orientamenti di lavoro$9(OLS)http://semarc/title/144777 996 $6260$aS.l. :$bs.n.$9(OLS)http://semarc/publisher/39639 LEADER 00868nam a2200217 i 4500 001 000000042745 003 CaOOAMICUS 005 20090729000000.0 008 090729s1940 gw u000 u ger u 013 $a13915 040 $aSeMil$bita 100 1 $aDrinck, Jakob.$0(OLS)http://semarc/name/21173 245 10$aChristus und die christliche Persönlichkeit /$cJakob Drinck. 260 $aPaderborn :$bF. Schöningh,$cimpri. 1940. 300 $a270 p. ;$c19 cm. 600 04$aGesù Cristo.$0(OLS)http://semarc/subject/712 650 4$aGesù Cristo - Persona.$0(OLS)http://semarc/subject/8952 850 $aSeMil 852 $aSeMil$W1$xVenegono$y1$m2B I 232$j8900$B8900$CSeMilBibl$Z2$F8900 $81 996 $6245$aChristus und die christliche Persönlichkeit$9(OLS)http://semarc/title/62469 996 $6260$aPaderborn :$bF. Schöningh$9(OLS)http://semarc/publisher/35736